| 000 | 01123cad a22001935a 4500 | ||
|---|---|---|---|
| 001 | L153433 | ||
| 008 | 110726s2011 xxk f 000 0 eng d | ||
| 035 | _a(Sirsi) u153433 | ||
| 041 | 0 | _aeng | |
| 110 | 2 |
_aUnited Kingdom _bDepartment for Communities and Local Government _94939 |
|
| 245 | 0 | 0 |
_aDraft national planning policy framework _h[electronic resource] |
| 260 |
_aLondon _bDCLG _c2011 |
||
| 520 | _aConsultation is published for a new simpler framework for the planning system. The National Planning Policy Framework, streamlines national policy from over 1 000 pages to 52 pages as part of the consultation to reform the planning system. The government's commitment to protecting the green belt is still maintained and a new generation of renewable energy projects are facilitated. The consultation closes on 17 October 2011. | ||
| 590 | _aKA NTK | ||
| 651 | 4 |
_aEngland _y886- |
|
| 690 | _aENVIRONMENTAL AND LAND CONSULTANCY-PLANNING AND DEVELOPMENT | ||
| 856 | 4 | 0 |
_uhttps://www.communities.gov.uk/documents/planningandbuilding/pdf/1951811.pdf _zView the item free of charge at www.communities.gov.uk |
| 942 | _n0 | ||
| 999 |
_c112517 _d112517 |
||